<?xml version="1.0" encoding="UTF-8"?>
<record
    xmlns:xsi="http://www.w3.org/2001/XMLSchema-instance"
    xsi:schemaLocation="http://www.loc.gov/MARC21/slim http://www.loc.gov/standards/marcxml/schema/MARC21slim.xsd"
    xmlns="http://www.loc.gov/MARC21/slim">

  <leader>01164nam0a2200313   4500</leader>
  <controlfield tag="001">RU\NLR\ONL2\2311</controlfield>
  <controlfield tag="005">20250613124549.0</controlfield>
  <datafield tag="010" ind1=" " ind2=" ">
    <subfield code="a">5-298-01313-9</subfield>
    <subfield code="9">3000</subfield>
  </datafield>
  <datafield tag="035" ind1=" " ind2=" ">
    <subfield code="a">(NLR Aleph) 009649914</subfield>
  </datafield>
  <datafield tag="090" ind1=" " ind2=" ">
    <subfield code="a">9571864</subfield>
    <subfield code="c">9571864</subfield>
  </datafield>
  <datafield tag="100" ind1=" " ind2=" ">
    <subfield code="a">20040617d2003    |||y0rusy50      ca</subfield>
  </datafield>
  <datafield tag="101" ind1="0" ind2=" ">
    <subfield code="a">tat</subfield>
  </datafield>
  <datafield tag="102" ind1=" " ind2=" ">
    <subfield code="a">RU</subfield>
  </datafield>
  <datafield tag="105" ind1=" " ind2=" ">
    <subfield code="a">a |||||||||</subfield>
  </datafield>
  <datafield tag="200" ind1="1" ind2=" ">
    <subfield code="a">&#x41A;&#x430;&#x43D;&#x433;&#x430; &#x431;&#x443;&#x44F;&#x43B;&#x433;&#x430;&#x43D; &#x430;&#x43B;&#x442;&#x44B;&#x43D;&#x43D;&#x430;&#x440;</subfield>
    <subfield code="e">&#x420;&#x43E;&#x43C;&#x430;&#x43D; h&#x44D;&#x43C; &#x43F;&#x43E;&#x432;&#x435;&#x441;&#x442;&#x44C;&#x43B;&#x430;&#x440;</subfield>
    <subfield code="f">&#x420;&#x44D;&#x434;&#x438;&#x444; &#x421;&#x44D;&#x433;&#x44A;&#x434;&#x438;</subfield>
  </datafield>
  <datafield tag="210" ind1=" " ind2=" ">
    <subfield code="a">&#x41A;&#x430;&#x437;&#x430;&#x43D;</subfield>
    <subfield code="c">&#x422;&#x430;&#x442;&#x430;&#x440;. &#x43A;&#x438;&#x442;. &#x43D;&#x44D;&#x448;&#x440;.</subfield>
    <subfield code="d">2003</subfield>
  </datafield>
  <datafield tag="215" ind1=" " ind2=" ">
    <subfield code="a">188,[2] &#x431;.</subfield>
    <subfield code="c">&#x438;&#x43B;., &#x43F;&#x43E;&#x440;&#x442;&#x440;.</subfield>
    <subfield code="d">21</subfield>
  </datafield>
  <datafield tag="300" ind1=" " ind2=" ">
    <subfield code="a">&#x412; &#x432;&#x44B;&#x43F;. &#x434;&#x430;&#x43D;. &#x430;&#x432;&#x442;.: &#x420;&#x430;&#x434;&#x438;&#x444; &#x421;&#x430;&#x433;&#x434;&#x438; (&#x421;&#x430;&#x433;&#x434;&#x438;&#x435;&#x432; &#x420;&#x430;&#x434;&#x438;&#x444; &#x41D;&#x430;&#x437;&#x438;&#x43F;&#x43E;&#x432;&#x438;&#x447;)</subfield>
  </datafield>
  <datafield tag="541" ind1="1" ind2=" ">
    <subfield code="6">z01790</subfield>
    <subfield code="a">&#x41E;&#x43A;&#x440;&#x43E;&#x432;&#x430;&#x432;&#x43B;&#x435;&#x43D;&#x43D;&#x43E;&#x435; &#x437;&#x43E;&#x43B;&#x43E;&#x442;&#x43E;</subfield>
    <subfield code="e">&#x420;&#x43E;&#x43C;&#x430;&#x43D; &#x438; &#x43F;&#x43E;&#x432;&#x435;&#x441;&#x442;&#x438;.</subfield>
    <subfield code="z">rus</subfield>
  </datafield>
  <datafield tag="686" ind1="1" ind2=" ">
    <subfield code="a">&#x428;6(2=&#x422;&#x430;&#x442;)7-4</subfield>
  </datafield>
  <datafield tag="700" ind1=" " ind2="1">
    <subfield code="a">&#x421;&#x44D;&#x433;&#x44A;&#x434;&#x438;</subfield>
    <subfield code="b">&#x420;.</subfield>
    <subfield code="g">&#x420;&#x44D;&#x434;&#x438;&#x444;</subfield>
    <subfield code="4">070</subfield>
  </datafield>
  <datafield tag="790" ind1=" " ind2="1">
    <subfield code="4">070</subfield>
    <subfield code="7">ca</subfield>
    <subfield code="8">rus</subfield>
    <subfield code="a">&#x421;&#x430;&#x433;&#x434;&#x438;</subfield>
    <subfield code="b">&#x420;.</subfield>
    <subfield code="f">1957-</subfield>
    <subfield code="g">&#x420;&#x430;&#x434;&#x438;&#x444;</subfield>
    <subfield code="9">264618</subfield>
    <subfield code="3">RU\NLR\AUTH\770264674</subfield>
  </datafield>
  <datafield tag="801" ind1=" " ind2="0">
    <subfield code="a">RU</subfield>
    <subfield code="b">NLR</subfield>
    <subfield code="c">20040617</subfield>
    <subfield code="g">PSBO</subfield>
  </datafield>
  <datafield tag="852" ind1=" " ind2=" ">
    <subfield code="a">NLR</subfield>
    <subfield code="b">&#x41E;&#x41D;&#x41B;</subfield>
    <subfield code="j">&#x422;&#x430;&#x442;&#x430;&#x440;./3-12976</subfield>
  </datafield>
  <datafield tag="942" ind1=" " ind2=" ">
    <subfield code="c">BOOK</subfield>
  </datafield>
  <datafield tag="980" ind1=" " ind2=" ">
    <subfield code="a">NB</subfield>
  </datafield>
  <datafield tag="980" ind1=" " ind2=" ">
    <subfield code="a">ONL_RF</subfield>
  </datafield>
  <datafield tag="995" ind1=" " ind2=" ">
    <subfield code="5">2013-10-26</subfield>
    <subfield code="b">NLR01</subfield>
    <subfield code="c">NLR01</subfield>
    <subfield code="e">ONL</subfield>
    <subfield code="f">9649914-10</subfield>
    <subfield code="k">&#x422;&#x430;&#x442;&#x430;&#x440;./3-12976</subfield>
    <subfield code="o">0</subfield>
    <subfield code="r">BOOK</subfield>
    <subfield code="s">312976_</subfield>
  </datafield>
</record>
